| 000 | 01956nam0a2200337 4500 | ||
|---|---|---|---|
| 001 | v19\rc\1927668 | ||
| 005 | 20260408064954.0 | ||
| 035 | _a(NLR Aleph) 005025319 | ||
| 090 |
_a6632993 _c6632993 |
||
| 100 | _a20080404d1912 k y0rusy50 ca | ||
| 102 | _aRU | ||
| 105 | _ay z 000yy | ||
| 200 | 1 |
_aВодоискание _eдоклад А. Л. Моквиж-Монтвид [т. е. А. Л. Монвиж-Монтвид], Одесса |
|
| 210 |
_a[Киев] _cТипография "Русская печатня" _d[1912] |
||
| 215 |
_a16 с. _d27 |
||
| 225 | 1 | _aТруды 2-го Южно-Русскаго мелиорационнаго съезда 1912 г. в Киеве | |
| 300 | _aГод изд. установлен по дате получения обязат. экз. | ||
| 309 | _aБез тит. л. и обл. | ||
| 316 |
_aЭкз. РНБ входит в конволют, приплетен к: Орошение на Каменском казенном участке : доклад А. А. Измайлова (Бахмут) - Одесса: Тип. Г. М. Левинсона, [1912] _5NLR |
||
| 482 | 0 |
_1001v19\rc\1922794 _96469379 _aИзмайлов, А. А. _cОдесса _d[1912] _nТип. Г. М. Левинсона _oдоклад А. А. Измайлова (Бахмут) _p8 с. _tОрошение на Каменском казенном участке |
|
| 700 | 1 |
_7ca _8rus _aМонвиж-Монтвид _bА. Л. _f1851- _gАвгуст Людвигович _9268800 _3RU\NLR\AUTH\770268856 |
|
| 712 | 1 | 2 |
_4570 _aЮжно-русский мелиорационный съезд _d2 _f1912 _eКиев _3RU\NLR\AUTH\8810210563 _9308345 |
| 801 | 0 |
_aRU _bNLR _gpsbo |
|
| 801 | 0 |
_aRU _bRuMoRGB _2psbo |
|
| 801 | 1 |
_aRU _bProSoft-M _2rusmarc |
|
| 852 |
_aNLR _j38.46.2.62(18) |
||
| 899 |
_aRuMoRGB _jV 103/110 |
||
| 942 | _cBOOK | ||
| 980 | _aNB | ||